000
00287nam a2200097Ia 4500
001
789398
005
20250826170418.0
008
250824s9999 xx 000 0 und d
245
0
_a
SALTANATTAN CUMHURİYETE YAKIN TARİHİMİZİN SIR PERDESİ
_c
YAVUZ BAHADIROĞLU
260
_b
PANAMA YAYINLARI
999
_c
789398
_d
789398